| 000 | 00895nas a2200253 4500 | ||
|---|---|---|---|
| 001 | BR2010004758 | ||
| 003 | BR-BrBNA | ||
| 005 | 20231205114312.0 | ||
| 007 | ta | ||
| 008 | 230509b bl.|||p| |||| 00| 00por d | ||
| 040 |
_aBR-BrBNA _bpor _cBiblioteca Nacional de Agricultura |
||
| 041 | _a(Pt) | ||
| 072 | _aF70 | ||
| 100 | 1 | _aAlbuquerque, M.P. de | |
| 100 | 1 | _aPereira, A.B. | |
| 100 | 1 | _aCarvalho Júnior, A.A. de | |
| 245 | 1 | _aA família Agaricaceae Chevall, em trechos de Mata Atlântica da Reserva Biológica do Tinguá, Nova Iguaçu, Rio de Janeiro, Brasil: gêneros Agaricus, Cystolepiota e Lepiota | |
| 650 | _aAGARICUS BLAZEI | ||
| 650 | _aRESERVA BIOLÓGICA | ||
| 650 | _aRIO DE JANEIRO | ||
| 773 | 0 |
_tActa Botanica Brasilica (Brazil) _xISSN 0102-3306 _g(Apr-Jun 2010), v. 24(2) p. 497-509 _wBR2010004758 |
|
| 909 |
_a202311 _bLúcia _c55 _dLúcia Elande |
||
| 942 |
_2AGRIS _n0 _cANA |
||
| 999 |
_c208119 _d208119 |
||